MDQL
is popping MORE tags! Check the
thread
!
Quizzes
Events
Quiz Creation
Community
Videos
Private Events
Remove Ads
Sign In
Join for FREE
Feedback
Dark Mode
Quiz Categories
Sports
Geography
Music
Movies
Television
Just For Fun
Miscellaneous
History
Literature
Language
Science
Gaming
Entertainment
Religion
Holiday
For Kids
Quiz Lab
Recent
Popular Today
Quiz Kudos Today
Editor Picks
Curator Picks
Quizzes by...
Day
Popularity
Type
Ratings
Length
Year
Community
Subscriptions
Recent Discussions
Orange Saloon
Badges
Playlists
Quests
Create
Leaderboards
Showdown
Live 5
Trivia Bingo
Activity
Puzzle Library
Sporcle Events
Private Events
Virtual Trivia
Globe League
Become a Host
Pub Owners
SporcleCon
Opinionation
Our Games
Videos
Blog
Mobile Apps
Partnerships
Remove Ads and Go Orange
Feedback
Sports
Athletes
MLB
NBA
NHL
NFL
Soccer
Sports Teams
WWE
NCAA
Football
Premier League
Basketball
Baseball
Hockey
Golf
Tennis
Cricket
Rugby
Auto Racing
Olympics
World Cup
Sports
Athletes
MLB
NBA
NHL
NFL
Soccer
Sports Teams
WWE
NCAA
Football
Premier League
Basketball
Baseball
Hockey
Golf
Tennis
Cricket
Rugby
Auto Racing
Olympics
World Cup
Random Quiz
Search Sporcle
×
Quiz Lab
Quiz Lab
Sports
NBA
Type in answers that appear in a list
Type in answers that appear in a list
Classic
Best Score? Go Orange.
NBA Most Games Coached by Team Stats
Can you name the the Coaches who sat on the bench for the most games for each NBA team?
By
gurt14
7m
30 Questions
351 Plays
351 Plays
351 Plays
Comments
Comments
Give Quiz Kudos
Give Quiz Kudos
-
- Ratings
hide this ad
Replay
Link that replays current quiz
Next Quiz
Link to next quiz in quiz playlist
You Got
0%
They Got
Avg Score
46%
Avg Friend Score
Upgrade to see
Score Distribution
Jump to the score distribution portion of the page
Score
0/30
Timer
07:00
0
Plays Today
TEAM
COACH
% Correct
Chicago Bulls
Phil Jackson
96.6%
Los Angeles Lakers
Phil Jackson
96.6%
Boston Celtics
Red Auerbach
86.9%
Utah Jazz
Jerry Sloan
86.3%
Miami Heat
Pat Riley
85.4%
San Antonio Spurs
Gregg Popovich
83.7%
Milwaukee Bucks
Don Nelson
82.3%
Oklahoma City Thunder (incl. Sonics)
Lenny Wilkens
72%
Houston Rockets
Rudy Tomjanovich
63.1%
Detroit Pistons
Chuck Daly
60%
Minnesota Timberwolves
Flip Saunders
60%
Sacramento Kings
Rick Adelman
59.4%
New Orleans Hornets
Byron Scott and Allan Bristow (tied)
57.7%
Los Angeles Clippers
Mike Dunleavy
53.4%
Memphis Grizzlies
Mike Fratello
42.3%
TEAM
COACH
% Correct
Toronto Raptors
Sam Mitchell
35.4%
New York Knicks
Red Holzman
35.1%
Orlando Magic
Brian Hill
35.1%
Portland Trail Blazers
Jack Ramsay
29.7%
Charlotte Bobcats
Bernie Bickerstaff
27.4%
Denver Nuggets
Doug Moe
26%
Cleveland Cavaliers
Bill Fitch
24.9%
Philadelphia 76ers
Billy Cunningham
24.3%
Dallas Mavericks
Dick Motta
21.1%
Golden State Warriors
Al Attles
18%
Washington Wizards (incl. Bullets)
Gene Shue
11.7%
Phoenix Suns
John MacLeod
9.7%
New Jersey Nets
Kevin Loughery
6.6%
Indiana Pacers
Slick Leonard
6.3%
Atlanta Hawks
Richie Guerin
4%
Quiz Playlist
Details
Report
Send in Message
Add To Playlist
Classic:
Type in answers that appear in a list
Last Updated: Feb 16, 2017
Quiz Scoreboard
CHALLENGE
Sign Up to Join the Scoreboard
Show All
Scores
Hide
Comments
May contain spoilers
Recently Published
Two Season TV Shows II
by 123Four
Television
10m
Image Sorting: Flags VI
by Barbecue
Geography
2m
Find the 'City' Movie
by crazypaving
Movies
60s
More to Explore
Quiz From the Vault
Featured Blog Post
14 Easter Pick-up Lines to Find Eggs With
hide this ad
You Might Also Like...
Tags
Basketball Quiz
NBA Quiz
bench
coach
Head Coach
SAT
team
Today's Top Quizzes in Sports
Browse Sports
hide this ad
Today's Top Quizzes in NBA
Browse NBA
Top Contributed Quizzes in Sports
1
Les meilleurs buteurs des matchs entre le PSG et l’OM
2
Les entraîneurs de l'OM et du PSG au 21e siècle
3
2022 World Cup Stars
4
Les joueurs passés par le PSG et l'OM
5
Players with Multiple 50 Home Run Seasons
6
Criteria MLB: Left Handed Sluggers
7
FIFA Club World Cup Champions
8
Les joueurs passés par le LOSC et le RC Lens
9
NBA Logic Puzzle 2.0
10
Top 10 NHL Goal Scorers of All Time
Explore More
Trending Topics
Anime
Marvel
NBA
Harry Potter
Disney
Crossword
Kpop
Soccer
Pokémon
Puzzle
WWE
The Office
NFL
Song
Country
hide this ad
More By:
gurt14
Quiz
Plays
Rating
Category
Featured
Created
1997 NBA Leading Scorers by Team
3,872
4.35
Sports
Sep 27, 2009
Champion Bulls
3,434
4.53
Sports
Sep 23, 2009
US Mens Basketball Olympians (since 1992)
981
4.38
Sports
Oct 1, 2009
2002 NBA Leading Scorers by Team
927
4.83
Sports
Sep 28, 2009
NBA Three Pointers Made Leaders by Year
749
4.60
Sports
Oct 5, 2009
Go to Creator's Profile
Score Distribution
Quiz Creator Spotlight
gurt14
Follow
Send a Message
Quizzes Created
-
Created Quiz Play Count
-
More By This Creator
Popular Quizzes Today
1
Find the US States - No Outlines Minefield
2
Colored Red Africa Blitz
3
Find the 'City' Movie
4
5x2 Blitz: Bands
5
The Countries of the World
6
Find the Countries of Europe - No Outlines Minefield
7
Find the US States
8
US States
More Sports Quizzes
Aston Villa Premier League Name Matching 2020-21
Quiz Lab
Trending Quizzes
Colored Red Europe Blitz I
Colored Red Africa Blitz II
Colored Red Europe Blitz II
Colored Red Africa Blitz III
Colored Red Europe Blitz III
Recently Updated
How Do You Spell That?
pecheneg
Godzilla Movies
pecheneg
Grab Bag: 4-10 Letters
pecheneg
2024 March Madness Bracket
pecheneg
Famous TV Couples
Peacemaker
Champions League XIs: Real Madrid
pecheneg
Largest US Cities 1790-2010
pecheneg
Rides in Walt Disney World
pecheneg
Most Oscar Losses (Acting)
pecheneg
Beyoncé Albums
pecheneg
Trending Topics
NBA
Kpop
Crossword
Harry Potter
Anime
Marvel
Disney
WWE
The Office
Country
Puzzle
Soccer
Song
NFL
Pokémon
Your Account Isn't Verified!
In order to create a playlist on Sporcle, you need to verify the email address you used during registration. Go to your
Sporcle Settings
to finish the process.
Report this User
Report this user for behavior that violates our
Community Guidelines
.
Details:
Send Report
Go to the Sporcle.com Mobile Site →
Comments